Normal view
MARC view
Entry Corporate Name
001 - CONTROL NUMBER
- control field: 18380
003 - CONTROL NUMBER IDENTIFIER
- control field: ARRUPE
005 - DATE AND TIME OF LATEST TRANSACTION
- control field: 20150717113254.0
008 - FIXED-LENGTH DATA ELEMENTS
- fixed length control field: 150717|| aca||aabn | a|a d
040 ## - CATALOGING SOURCE
- Original cataloging agency: ARRUPE
- Transcribing agency: ARRUPE
110 ## - HEADING--CORPORATE NAME
- Corporate name or jurisdiction name as entry element: United States Naval Observatory,
- Relator term: former owner.
670 ## - SOURCE DATA FOUND
- Source citation: Work cat.: (ARRUPE)0: Dalton, John, 1766-1844 18376, A new system of chemical philosophy /, 1808-1827.